Obal ako prostriedok komunikácie so spotrebiteľom – označovanie hydinového mäsa
Príspevok analyzuje využitie komunikačnej funkcie obalu pri balení hydinových produktov dostupných v maloobchodnej sieti na Slovensku s cieľom zhodnotiť dodržiavanie legislatívne stanovených požiadaviek na označovanie potravín, ale aj využitie marketingu v tejto oblasti. Legislatívne požiadavky na o...
Gespeichert in:
| 1. Verfasser: | |
|---|---|
| Format: | Buchkapitel |
| Sprache: | Slowakisch |
| Schlagworte: | |
| Tags: |
Keine Tags, Fügen Sie das erste Tag hinzu!
|
MARC
| LEADER | 00000nla a2200000 4500 | ||
|---|---|---|---|
| 001 | 0175171 | ||
| 005 | 20240502073004.0 | ||
| 041 | 0 | |a slo | |
| 044 | |a SK | ||
| 245 | 1 | 0 | |a Obal ako prostriedok komunikácie so spotrebiteľom – označovanie hydinového mäsa |c Paulína Krnáčová |
| 520 | |a Príspevok analyzuje využitie komunikačnej funkcie obalu pri balení hydinových produktov dostupných v maloobchodnej sieti na Slovensku s cieľom zhodnotiť dodržiavanie legislatívne stanovených požiadaviek na označovanie potravín, ale aj využitie marketingu v tejto oblasti. Legislatívne požiadavky na označovanie potravín. Označovanie hydinového mäsa v maloobchodnej sieti na Slovensku. Propagačná funkcia obalov. | ||
| 610 | 2 | 0 | |a potraviny |
| 610 | 2 | 0 | |a označovanie tovarov |
| 610 | 2 | 0 | |a hydina |
| 610 | 2 | 0 | |a balenie |
| 610 | 2 | 0 | |a obaly |
| 610 | 2 | 0 | |a legislatíva |
| 100 | 1 | |a Krnáčová, Paulína, 1983- | |